[Event "World Rapid 2022"]
[Site "Almaty KAZ"]
[Date "2022.12.27"]
[Round "6.13"]
[White "Martirosyan, Haik M."]
[Black "Artemiev, Vladislav"]
[Result "1/2-1/2"]
[WhiteTitle "GM"]
[BlackTitle "GM"]
[WhiteElo "2682"]
[BlackElo "2701"]
[WhiteFideId "13306553"]
[BlackFideId "24101605"]
[EventDate "2022.12.26"]

1. d4 Nf6 2. c4 e6 3. Nf3 Bb4+ 4. Bd2 Bxd2+ 5. Qxd2 O-O 6. Nc3 d5 7. e3 Qe7 8.
Rc1 dxc4 9. Bxc4 c5 10. O-O Rd8 11. Qe2 Nc6 12. dxc5 Qxc5 13. Bd3 Bd7 14. a3 Be8
15. Rc2 Qe7 16. Ne4 Nd7 17. Ned2 h6 18. Rfc1 Nde5 19. Be4 f5 20. Bxc6 Nxc6 21.
b4 a6 22. e4 Bh5 23. Qe3 Qf7 24. Rc5 fxe4 25. Qxe4 Rd5 26. h3 Rad8 27. Rxd5 exd5
28. Qh4 Re8 29. a4 Bxf3 30. Nxf3 Re4 31. Qg3 Rxb4 32. Ne5 Nxe5 33. Qxe5 Rc4 34.
Rd1 Re4 35. Qb8+ Kh7 36. a5 Re2 37. Qg3 Qf5 38. Rc1 Re7 39. Qc3 Rd7 40. Qd4 Re7
41. Qc3 Re2 42. Qg3 Qf6 43. Qd3+ Re4 44. Qxd5 Re7 45. g3 Qe5 46. Qd3+ Qe4 47.
Qc3 Re5 48. h4 Qf5 49. Ra1 Rc5 50. Qb4 Rb5 51. Qe1 Qe5 52. Qc1 Rb2 53. Qd1 Qf5
54. Qe1 Rb5 55. Qc1 Qe4 56. Qc3 Rb1+ 57. Rxb1 Qxb1+ 58. Kg2 b5 59. axb6 Qxb6 60.
Qc2+ Qg6 61. Qa4 Qe6 62. Kg1 Qe2 63. h5 Qd3 64. Kg2 Qd5+ 65. Kg1 Qe6 66. Qc2+
Kg8 67. Qc5 Qe2 68. Qc8+ Kf7 69. Qf5+ Ke7 70. Qg6 Qd1+ 71. Kg2 Qd5+ 72. Kg1 Qd1+ 1/2-1/2

[Event "World Rapid 2022"]
[Site "Almaty KAZ"]
[Date "2022.12.27"]
[Round "6.15"]
[White "Tsydypov, Zhamsaran"]
[Black "Esipenko, Andrey"]
[Result "1/2-1/2"]
[WhiteTitle "GM"]
[BlackTitle "GM"]
[WhiteElo "2534"]
[BlackElo "2678"]
[WhiteFideId "4108566"]
[BlackFideId "24175439"]
[EventDate "2022.12.26"]

1. e4 e5 2. Nf3 Nc6 3. Bc4 Nf6 4. d3 Bc5 5. O-O O-O 6. h3 h6 7. c3 d6 8. Nbd2 a5
9. Re1 Ba7 10. Nf1 Be6 11. Bb5 Ne7 12. d4 exd4 13. Nxd4 Bd7 14. Bd3 Ng6 15. Ng3
Re8 16. a4 c6 17. Bd2 d5 18. exd5 Rxe1+ 19. Qxe1 Nxd5 20. Be4 Bxd4 21. cxd4 Qb6
22. Bxd5 cxd5 23. Bc3 Qc7 24. Qd2 b6 25. b3 Qd6 26. b4 axb4 27. Bxb4 Qf4 28. a5
bxa5 29. Rxa5 Rxa5 30. Bxa5 Qxd2 31. Bxd2 1/2-1/2

[Event "World Rapid 2022"]
[Site "Almaty KAZ"]
[Date "2022.12.27"]
[Round "6.16"]
[White "Petrosyan, Manuel"]
[Black "Maghsoodloo, Parham"]
[Result "1/2-1/2"]
[WhiteTitle "GM"]
[BlackTitle "GM"]
[WhiteElo "2621"]
[BlackElo "2719"]
[WhiteFideId "13300857"]
[BlackFideId "12539929"]
[EventDate "2022.12.26"]

1. d4 Nf6 2. Nf3 d5 3. c4 e6 4. Nc3 dxc4 5. e4 b5 6. e5 Nd5 7. Nxb5 Nb6 8. Be2
Nc6 9. Be3 Be7 10. a3 Bb7 11. Qc2 Na5 12. h4 Rb8 13. Rh3 h6 14. h5 Nd5 15. Nc3
Nxe3 16. fxe3 c5 17. Rd1 O-O 18. Ne4 Qb6 19. Rg3 Kh8 20. dxc5 Bxe4 21. Qxe4 Qxb2
22. Kf2 c3 23. Rd7 c2 24. Rxg7 Kxg7 25. Rxe7 c1=Q 26. Qg6+ Kh8 27. Qxh6+ Kg8 28.
Qg5+ Kh8 29. Qh6+ Kg8 30. Qg5+ Kh8 1/2-1/2

[Event "World Rapid 2022"]
[Site "Almaty KAZ"]
[Date "2022.12.27"]
[Round "6.17"]
[White "Gareyev, Timur"]
[Black "Urazayev, Arystanbek"]
[Result "1-0"]
[WhiteTitle "GM"]
[BlackTitle "IM"]
[WhiteElo "2602"]
[BlackElo "2465"]
[WhiteFideId "14200937"]
[BlackFideId "13709810"]
[EventDate "2022.12.26"]

1. d4 d5 2. c4 e6 3. Nc3 Nf6 4. Nf3 Nbd7 5. e3 c6 6. Qc2 Bd6 7. Be2 O-O 8. O-O
dxc4 9. a4 e5 10. Bxc4 exd4 11. exd4 Nb6 12. Bb3 Nbd5 13. Bg5 Be7 14. Rfe1 Be6
15. a5 a6 16. Ne5 Re8 17. Bc4 h6 18. Bxf6 Bxf6 19. Qb3 Bxe5 20. dxe5 Nxc3 21.
Bxe6 Rxe6 22. Qxc3 Qg5 23. Ra4 Rd8 24. f4 Qf5 25. Rae4 Rg6 26. Qe3 Rd5 27. b4
Qd7 28. Qf2 Qf5 29. h3 h5 30. Kh2 Rd3 31. R1e3 Rd1 32. Re2 Rd3 33. R2e3 Rd1 34.
Qe2 Rd5 35. Qf3 h4 36. Qf2 Rg3 37. e6 fxe6 38. Rxe6 Rd3 39. R6e5 Qg6 40. Re8+
Kh7 41. R8e6 Rdxe3 42. Rxe3 Rxe3 43. Qxe3 Qf5 44. Qf3 g6 45. Qe3 Kh6 46. Qd4 Kh7
47. Qd6 Qf7 48. Qe5 Qf8 49. Qe4 Qd6 50. Kg1 Kh6 51. Kf2 c5 52. f5 cxb4 53. Qxh4+
Kg7 54. fxg6 b3 55. Qh7+ Kf6 56. Qf7+ Kg5 57. Qxb3 Qd2+ 58. Kf3 Kxg6 59. Qb6+
Kg7 60. Qxb7+ Kh8 61. Qb8+ Kh7 62. Qc7+ Kh8 63. Qe5+ Kh7 64. h4 Qd1+ 65. Kg3 Qf1
66. Qe7+ Kh8 67. Qd8+ Kh7 68. Qd7+ Kh8 69. Qd4+ Kh7 70. Qe4+ Kh8 71. h5 Kg7 72.
h6+ Kg8 73. Qg4+ 1-0

[Event "World Rapid 2022"]
[Site "Almaty KAZ"]
[Date "2022.12.27"]
[Round "6.18"]
[White "Shimanov, Aleksandr"]
[Black "Ter-Sahakyan, Samvel"]
[Result "1/2-1/2"]
[WhiteTitle "GM"]
[BlackTitle "GM"]
[WhiteElo "2581"]
[BlackElo "2605"]
[WhiteFideId "4198603"]
[BlackFideId "13302531"]
[EventDate "2022.12.26"]

1. Nf3 d5 2. g3 g6 3. Bg2 Bg7 4. O-O e5 5. d3 Nc6 6. e4 Nge7 7. Nc3 O-O 8. h3 h6
9. exd5 Nxd5 10. Re1 Nde7 11. Rb1 a5 12. b3 Re8 13. Bb2 Nf5 14. Nb5 a4 15. Qd2
Ra5 16. c4 axb3 17. axb3 Ra8 18. Bc3 Re7 19. Qb2 Nfd4 20. Nbxd4 exd4 21. Bd2 Bf5
22. Qc2 Rxe1+ 23. Bxe1 Qd7 24. Kh2 Ra3 25. Qb2 Ra8 26. Qc2 g5 27. b4 Ra3 28. Rb3
Ra1 29. Rb1 Ra3 30. Rb3 Ra1 31. Rb1 Ra3 1/2-1/2

[Event "World Rapid 2022"]
[Site "Almaty KAZ"]
[Date "2022.12.27"]
[Round "6.19"]
[White "Lazavik, Denis"]
[Black "Paravyan, David"]
[Result "1/2-1/2"]
[WhiteTitle "GM"]
[BlackTitle "GM"]
[WhiteElo "2537"]
[BlackElo "2586"]
[WhiteFideId "13515110"]
[BlackFideId "4194985"]
[EventDate "2022.12.26"]

1. d4 Nf6 2. c4 g6 3. Nc3 d5 4. Nf3 Bg7 5. e3 O-O 6. cxd5 Nxd5 7. Bc4 Nxc3 8.
bxc3 c5 9. O-O Qc7 10. Qe2 Bg4 11. Rb1 Nd7 12. Bd3 Rfd8 13. h3 Bxf3 14. Qxf3
Rab8 15. Rd1 a6 16. a4 Nb6 17. a5 Na4 18. Bd2 Qxa5 19. Rxb7 Nb2 20. Rxb8 Rxb8
21. Rb1 cxd4 22. exd4 Bxd4 23. Bf4 Be5 24. Bxe5 Qxe5 25. Bxa6 Na4 26. Rxb8+ Qxb8
27. Bf1 Nc5 28. Qd5 Qd6 29. Qxd6 exd6 30. f3 f5 31. Kf2 f4 32. h4 Kf7 33. g3
fxg3+ 34. Kxg3 Kf6 35. Kf4 d5 36. Ke3 Ke5 37. f4+ Kd6 38. c4 Ne6 39. cxd5 Kxd5
40. h5 gxh5 41. f5 Ng5 42. Kf4 h6 43. Kg3 Ne4+ 44. Kh4 Nf6 45. Be2 Ke5 46. Bxh5
Nxh5 47. Kxh5 Kxf5 48. Kxh6 1/2-1/2

[Event "World Rapid 2022"]
[Site "Almaty KAZ"]
[Date "2022.12.27"]
[Round "6.20"]
[White "Amin, Bassem"]
[Black "Vidit, Santosh Gujrathi"]
[Result "1/2-1/2"]
[WhiteTitle "GM"]
[BlackTitle "GM"]
[WhiteElo "2682"]
[BlackElo "2730"]
[WhiteFideId "10601457"]
[BlackFideId "5029465"]
[EventDate "2022.12.26"]

1. e4 e6 2. Qe2 c5 3. g3 Nc6 4. Nf3 g6 5. Bg2 Bg7 6. O-O Nge7 7. c3 O-O 8. d3 d6
9. Be3 e5 10. Nh4 Be6 11. f4 Qd7 12. Nd2 exf4 13. gxf4 f5 14. Ndf3 Bh6 15. Ng5
Bxg5 16. fxg5 fxe4 17. dxe4 Ne5 18. b3 Bh3 19. Rf6 Bxg2 20. Nxg2 Rxf6 21. gxf6
N7c6 22. Rf1 Rf8 23. Bh6 Rf7 24. Ne3 Qh3 25. Bg7 h6 26. Nd5 Kh7 27. Qe3 Qxe3+
28. Nxe3 Nd8 29. Rd1 Ne6 30. Rxd6 Nxg7 31. fxg7 Kxg7 32. Kg2 b6 33. Rd5 Re7 34.
h4 Nd7 35. Rd6 Nf6 36. Nd5 Nxe4 37. Rxg6+ Kxg6 38. Nxe7+ Kh5 39. c4 Kxh4 40. Nc8
Nc3 41. a4 a6 42. Nxb6 Ne4 43. Nd7 Kg4 44. a5 Kf4 45. Kh3 Ke3 46. Nb8 Nd2 47.
Nxa6 Nxb3 48. Kg4 Kd4 49. Kh5 Kxc4 50. Nxc5 Kxc5 51. Kxh6 Nxa5 1/2-1/2

[Event "World Rapid 2022"]
[Site "Almaty KAZ"]
[Date "2022.12.27"]
[Round "6.21"]
[White "Cheparinov, Ivan"]
[Black "Indjic, Aleksandar"]
[Result "1/2-1/2"]
[WhiteTitle "GM"]
[BlackTitle "GM"]
[WhiteElo "2688"]
[BlackElo "2636"]
[WhiteFideId "2905540"]
[BlackFideId "911925"]
[EventDate "2022.12.26"]

1. d4 Nf6 2. c4 e6 3. Nf3 b6 4. g3 Bb7 5. Bg2 Bb4+ 6. Bd2 c5 7. Bxb4 cxb4 8. O-O
O-O 9. Qd3 d6 10. Nbd2 Nbd7 11. Rfd1 Qc7 12. Ne1 Bxg2 13. Kxg2 d5 14. cxd5 exd5
15. Rac1 Qd6 16. Nc2 Rfe8 17. Ne3 g6 18. Rc2 Re6 19. Rdc1 a5 20. Rc8+ Rxc8 21.
Rxc8+ Kg7 22. Nf3 Re8 23. Rc2 h6 24. Rc1 Re4 25. Nd2 Re6 26. Nf3 Re4 27. Nd2 Re6
28. Nf3 Re4 1/2-1/2

[Event "World Rapid 2022"]
[Site "Almaty KAZ"]
[Date "2022.12.27"]
[Round "6.22"]
[White "Puranik, Abhimanyu"]
[Black "Ganguly, Surya Shekhar"]
[Result "1/2-1/2"]
[WhiteTitle "GM"]
[BlackTitle "GM"]
[WhiteElo "2616"]
[BlackElo "2582"]
[WhiteFideId "5061245"]
[BlackFideId "5002150"]
[EventDate "2022.12.26"]

1. e4 e5 2. Nf3 Nc6 3. Bc4 Bc5 4. d3 d6 5. c3 Nf6 6. O-O a5 7. Nbd2 Ba7 8. Bb5
O-O 9. h3 Ne7 10. Re1 c6 11. Ba4 Ng6 12. Nf1 d5 13. exd5 Nxd5 14. Ng3 Re8 15.
Bb3 h6 16. d4 exd4 17. Rxe8+ Qxe8 18. Bxd5 cxd5 19. Nxd4 Bd7 20. Be3 Bb8 21. Qd2
a4 22. Re1 Qd8 23. Ndf5 Bxf5 24. Nxf5 Qd7 25. Qc2 Be5 26. Bd4 Bxd4 27. Nxd4 a3
28. b3 Re8 29. Qc1 Re7 30. Re3 Qe8 31. Nf5 Rxe3 32. Qxe3 Qd7 33. Nd4 Ne7 34. Qc1
Qd6 35. Nb5 Qc6 36. Qxa3 Nf5 37. Qb4 Qe6 38. Qf4 g5 39. Qd2 Qe4 40. Nd4 Nh4 41.
f3 Qe5 42. a4 b6 43. Qe2 Qc7 44. Qe8+ Kg7 45. Qe1 Kf8 46. b4 Qc4 47. Qd2 Qc7 48.
Qe3 Qc4 49. Qd2 Qc7 50. Nc2 Qg3 51. Qf2 Qc7 52. Qe1 Qc4 53. Ne3 Qd3 54. a5 bxa5
55. bxa5 f5 56. a6 Qxa6 57. Nxd5 Qd6 58. c4 Kf7 59. Qe3 Qg3 60. Qe7+ Kg6 61. Qe2
Qd6 62. Kh1 Kf7 63. Qc2 Qe5 64. Qb1 Qe2 65. Qb7+ Kg6 66. Qb6+ Kf7 67. Qc7+ Kg6
68. Qd6+ Kf7 69. Qf6+ Ke8 70. Qh8+ Kd7 71. Qg7+ Kd8 72. Qf8+ Kd7 73. Nf6+ Kc7
74. Qc5+ Kb7 75. Qb5+ Ka7 76. Qd7+ Ka6 77. Qd6+ Ka5 78. Qc5+ Ka4 79. Qg1 Qxc4
80. Nd7 Qc7 81. Qa1+ Kb5 82. Qb2+ Kc6 83. Nb8+ Kd5 84. Na6 Qc4 85. Qd2+ Ke6 86.
Nb4 f4 87. Nd3 Nf5 88. Nf2 Ng3+ 89. Kg1 Qf1+ 90. Kh2 Ne2 91. Qa2+ Ke7 92. Qa7+
Kf8 93. Ne4 Qe1 94. Qb8+ Kf7 95. Qc7+ Kf8 96. Qd8+ Kf7 97. Qf6+ Ke8 98. Qe6+ Kd8
99. Qb6+ Kc8 100. Nd6+ Kd7 101. Nf5 h5 102. h4 g4 103. Qd6+ Kc8 104. Ne7+ Kb7
105. Qc6+ Ka7 106. Qa4+ Kb6 107. Qb3+ Kc7 108. Qc2+ Kd7 109. Qc6+ Kxe7 110. Qc7+ 1/2-1/2

[Event "World Rapid 2022"]
[Site "Almaty KAZ"]
[Date "2022.12.27"]
[Round "6.23"]
[White "Gelfand, Boris"]
[Black "Sadhwani, Raunak"]
[Result "1/2-1/2"]
[WhiteTitle "GM"]
[BlackTitle "GM"]
[WhiteElo "2667"]
[BlackElo "2627"]
[WhiteFideId "2805677"]
[BlackFideId "35093487"]
[EventDate "2022.12.26"]

1. Nf3 Nf6 2. c4 g6 3. Nc3 Bg7 4. e4 d6 5. d4 O-O 6. Be2 e5 7. O-O h6 8. Re1
Nbd7 9. Qc2 Re8 10. dxe5 dxe5 11. Be3 c6 12. Rad1 Qe7 13. Na4 b6 14. a3 Bb7 15.
Nd2 Nf8 16. b4 Ne6 17. c5 b5 18. Nb2 Nd4 19. Bxd4 exd4 20. Nd3 a5 21. Bf1 axb4
22. axb4 Qc7 23. h3 h5 24. e5 Nd5 25. Nf3 Rad8 26. e6 Rxe6 27. Rxe6 fxe6 28. Re1
Bf6 29. Nde5 Qg7 30. Qd2 Ne3 31. fxe3 Bxe5 32. Nxe5 Qxe5 33. Rd1 Qf6 34. exd4 e5
35. Qh6 Qg7 36. Qg5 Rxd4 37. Rxd4 exd4 38. Bd3 Kf7 39. Qf4+ Kg8 40. Qg5 Kf7 41.
Qd8 Qe5 42. Qd7+ Kf6 43. Qd8+ Kg7 44. h4 Qe3+ 45. Kh2 Qxd3 1/2-1/2

[Event "World Rapid 2022"]
[Site "Almaty KAZ"]
[Date "2022.12.27"]
[Round "6.24"]
[White "Chigaev, Maksim"]
[Black "Svane, Rasmus"]
[Result "1-0"]
[WhiteTitle "GM"]
[BlackTitle "GM"]
[WhiteElo "2632"]
[BlackElo "2622"]
[WhiteFideId "4108116"]
[BlackFideId "4657101"]
[EventDate "2022.12.26"]

1. e4 e5 2. Nf3 Nc6 3. Bc4 Bc5 4. c3 Nf6 5. d3 d6 6. Bg5 h6 7. Bh4 a5 8. Nbd2 g5
9. Bg3 Ba7 10. Qe2 Qe7 11. O-O-O Bd7 12. Bb5 Nh5 13. Nc4 Qf6 14. Kb1 Nf4 15.
Bxf4 Qxf4 16. Ne3 Bxe3 17. fxe3 Qf6 18. Nd2 Qg6 19. Rhf1 O-O 20. g4 Be6 21. d4
Ne7 22. Bd3 Qg7 23. h3 c6 24. Rf2 b5 25. Nf1 f6 26. Ng3 Bf7 27. d5 b4 28. dxc6
bxc3 29. bxc3 Rac8 30. Bb5 d5 31. Ka1 Rfd8 32. Rdf1 Rd6 33. exd5 Nxd5 34. Ne4
Rdxc6 35. Bxc6 Rxc6 36. Qb5 Rb6 37. Qxa5 Qg6 38. Rf5 Be6 39. Nxf6+ Nxf6 40. Qxb6 1-0

[Event "World Rapid 2022"]
[Site "Almaty KAZ"]
[Date "2022.12.27"]
[Round "6.25"]
[White "Anton Guijarro, David"]
[Black "Tabatabaei, M. Amin"]
[Result "1-0"]
[WhiteTitle "GM"]
[BlackTitle "GM"]
[WhiteElo "2675"]
[BlackElo "2660"]
[WhiteFideId "2285525"]
[BlackFideId "12521213"]
[EventDate "2022.12.26"]

1. Nf3 d5 2. c4 e6 3. g3 dxc4 4. Qa4+ Nd7 5. Qxc4 a6 6. Bg2 b5 7. Qh4 Be7 8. Qe4
Rb8 9. Nd4 Ngf6 10. Qc2 Ne5 11. Nb3 O-O 12. d4 Nc4 13. O-O Bb7 14. e4 Rc8 15.
Rd1 Nd7 16. a4 c5 17. axb5 axb5 18. dxc5 Qc7 19. Nc3 Bc6 20. Nd5 exd5 21. exd5
Bxd5 22. Bf4 Qc6 23. Bxd5 Qf6 24. Bb7 Rcd8 25. c6 g5 26. Bc7 Nde5 27. Bxd8 Bxd8
28. Nd4 Bb6 29. Qf5 Qe7 30. Nxb5 Nxb2 31. Rd5 f6 32. Kg2 Nbc4 33. Rad1 Rf7 34.
Nd6 Nxd6 35. Rxd6 Kg7 36. Qe6 Qc7 37. R1d5 Re7 1-0

[Event "World Rapid 2022"]
[Site "Almaty KAZ"]
[Date "2022.12.27"]
[Round "6.26"]
[White "Sanal, Vahap"]
[Black "Andreikin, Dmitry"]
[Result "1/2-1/2"]
[WhiteTitle "GM"]
[BlackTitle "GM"]
[WhiteElo "2597"]
[BlackElo "2729"]
[WhiteFideId "6300545"]
[BlackFideId "4158814"]
[EventDate "2022.12.26"]

1. e4 e6 2. d4 d5 3. Nc3 Bb4 4. exd5 exd5 5. Bd3 Nf6 6. a3 Be7 7. Nf3 O-O 8. O-O
Bg4 9. h3 Bh5 10. g4 Bg6 11. Bxg6 hxg6 12. Ne5 c5 13. dxc5 d4 14. Ne2 Bxc5 15.
b4 Bb6 16. Bb2 Re8 17. Nf3 Nc6 18. Nexd4 Qc7 19. Qd3 Nd5 20. Kh1 Rad8 21. Rae1
Rxe1 22. Rxe1 Nf4 23. Qe4 Nxh3 24. Kg2 Nf4+ 25. Kg1 Nh3+ 26. Kg2 Nf4+ 27. Kg1
Nxd4 28. Bxd4 Bxd4 29. Nxd4 Qc3 30. Nf3 Ne6 31. Qxb7 Qxa3 32. Ne5 Rf8 33. Nxg6
fxg6 34. Qd5 Qxb4 35. Qxe6+ Rf7 36. Re4 Qb1+ 37. Kg2 Qb7 38. f3 g5 39. Qc4 Qd7
40. Rd4 Qc7 41. Qd3 a5 42. Rd8+ Rf8 43. Qd5+ Qf7 44. Rxf8+ Kxf8 45. Qxa5 Qc4 46.
Qa3+ Ke8 47. Qe3+ Kf8 48. Qd3 Qa2 49. Kg3 Qa1 50. Kg2 Qc1 51. Kf2 Kg8 52. Ke2
Kh8 53. Qf5 g6 54. Qe4 Kh7 55. Qd3 Kh6 56. Qc3 Kh7 57. Qd2 Qb1 58. c4 Qb3 59.
Qd7+ Kh6 60. Qd4 Qc2+ 61. Kf1 Qc1+ 62. Kg2 Qc2+ 63. Kg3 Kh7 64. c5 Qc1 65. Qf2
Qc3 66. Kg2 Kg7 67. Qg1 Qb2+ 68. Kh3 Qc3 69. Kg3 Qe5+ 70. Kg2 Qb2+ 71. Qf2 Qc3
72. Kh3 Kh7 73. Kh2 Kg7 74. Qg1 Qe5+ 75. Kh1 Qc3 76. Kg2 Qb2+ 77. Qf2 Qc3 78.
Kg3 Qe5+ 79. Kh3 Qc3 80. Kg2 Kh7 81. Kh1 Kg7 82. Kg1 Qc1+ 83. Kh2 Qc3 84. Kh3
Kh7 85. c6 Qxc6 86. Qa7+ Kh6 87. Qf7 Qc3 88. Qf8+ Kh7 89. Qe7+ Kh6 90. Qe4 Qb2
91. Qe3 Qf6 1/2-1/2

[Event "World Rapid 2022"]
[Site "Almaty KAZ"]
[Date "2022.12.27"]
[Round "6.27"]
[White "Nguyen, Thai Dai Van"]
[Black "Tomashevsky, Evgeny"]
[Result "0-1"]
[WhiteTitle "GM"]
[BlackTitle "GM"]
[WhiteElo "2656"]
[BlackElo "2694"]
[WhiteFideId "358878"]
[BlackFideId "4147235"]
[EventDate "2022.12.26"]

1. e4 e5 2. Nf3 Nc6 3. Bb5 Nf6 4. d3 Bc5 5. Bxc6 dxc6 6. Nbd2 Nd7 7. O-O O-O 8.
Nc4 Re8 9. a4 b6 10. Kh1 a5 11. Be3 Bxe3 12. Nxe3 Nf8 13. b3 c5 14. g3 Bd7 15.
Qd2 Bc6 16. Rae1 f6 17. h4 Qd7 18. Kh2 Rad8 19. Qe2 Ne6 20. h5 b5 21. axb5 Bxb5
22. h6 g6 23. Ra1 a4 24. Nd5 Rf8 25. c4 Bc6 26. bxa4 Bxa4 27. Rfb1 Bc6 28. Ra6
Kf7 29. Qb2 Nd4 30. Nxd4 cxd4 31. Qa3 Ra8 32. Rxa8 Rxa8 33. Qc5 g5 34. Kg2 Qd6
35. Qxd6 cxd6 36. Rb6 Bxd5 37. cxd5 Ra3 38. Rxd6 Rxd3 39. Rd8 Ra3 40. d6 Ra7 41.
d7 Ke6 42. Re8+ Kxd7 43. Rh8 Ke6 44. g4 d3 45. Re8+ Kf7 46. Rd8 Ra4 47. Rxd3
Rxe4 48. f3 Rf4 49. Kg3 Kg6 50. Rd8 Kxh6 51. Rf8 Kg7 52. Ra8 h5 53. gxh5 Rh4 54.
Ra7+ Kh6 55. Rf7 Rf4 0-1

[Event "World Rapid 2022"]
[Site "Almaty KAZ"]
[Date "2022.12.27"]
[Round "6.28"]
[White "Suleymanli, Aydin"]
[Black "Moussard, Jules"]
[Result "1-0"]
[WhiteTitle "GM"]
[BlackTitle "GM"]
[WhiteElo "2543"]
[BlackElo "2684"]
[WhiteFideId "13413937"]
[BlackFideId "642908"]
[EventDate "2022.12.26"]

1. c4 e6 2. Nc3 d5 3. d4 Nf6 4. cxd5 exd5 5. Bg5 Bb4 6. e3 h6 7. Bh4 g5 8. Bg3
Ne4 9. a3 Bxc3+ 10. bxc3 h5 11. f3 Nxg3 12. hxg3 Qd6 13. Kf2 Nc6 14. c4 dxc4 15.
Bxc4 Be6 16. Qa4 Bd7 17. Qb3 O-O-O 18. Qc3 f5 19. Ne2 Ne7 20. Rac1 Bc6 21. a4
Nd5 22. Qd3 Qf6 23. a5 Kb8 24. a6 b6 25. Qc2 Rd7 26. Qb3 Qe7 27. Qd3 Qf6 28. Qb3
Rd6 29. Qc2 Rd7 30. Qb3 Rd6 31. Qc2 Rd7 32. Qb3 Rd6 33. Qc2 Ne7 34. Bb5 Rc8 35.
Bxc6 Rxc6 36. Qa4 Re6 37. Qb3 c6 38. Rxh5 Nd5 39. Rxc6 Rexc6 40. Qxd5 R6c7 41.
Nc3 Qe7 42. Ne2 Re8 43. Qb3 Qf6 44. Qd5 Qe7 45. Qb3 Qd8 46. Nc3 f4 47. Ne4 fxe3+
48. Qxe3 g4 49. d5 gxf3 50. gxf3 Rc2+ 51. Kg1 Qc7 52. d6 Qxd6 53. Nxd6 Rxe3 54.
Rh8+ Kc7 55. Rc8+ Kxd6 56. Rxc2 Rxf3 57. g4 Ra3 58. g5 Rg3+ 59. Rg2 Rf3 60. g6
Rf8 61. g7 Rg8 62. Kf2 b5 63. Ke3 Kc5 64. Rg4 Kb6 65. Rg6+ Kc5 66. Kd3 Kb4 67.
Kc2 Kc5 68. Kb3 b4 69. Ka4 b3 70. Kxb3 Kb5 71. Kb2 Kb4 72. Rg5 Kc4 73. Ka3 Kc3
74. Rg4 Kd3 75. Kb4 Ke3 76. Kc5 Kf3 77. Rg1 Kf2 78. Rg6 1-0

[Event "World Rapid 2022"]
[Site "Almaty KAZ"]
[Date "2022.12.27"]
[Round "6.29"]
[White "Vokhidov, Shamsiddin"]
[Black "Petrosian, Tigran L."]
[Result "0-1"]
[WhiteTitle "GM"]
[BlackTitle "GM"]
[WhiteElo "2579"]
[BlackElo "2551"]
[WhiteFideId "14204223"]
[BlackFideId "13301616"]
[EventDate "2022.12.26"]

1. e4 c6 2. d4 d5 3. Nc3 dxe4 4. Nxe4 Nf6 5. Nxf6+ exf6 6. Be3 Bd6 7. Bd3 Qb6 8.
Qe2 O-O 9. O-O-O Qa5 10. Kb1 Be6 11. c4 b5 12. Bd2 Bb4 13. d5 cxd5 14. cxb5 a6
15. Bxb4 Qxb4 16. bxa6 Nxa6 17. Bxa6 Rfb8 18. Nf3 Rxa6 19. Nd4 Bg4 20. f3 Bh5
21. g4 Bg6+ 22. Nf5 Bxf5+ 23. gxf5 Qa5 24. b3 Rxb3+ 25. axb3 Qa1+ 26. Kc2 Qa2+
27. Kd3 Qxb3+ 28. Kd4 Ra4+ 29. Kc5 Rc4+ 30. Qxc4 Qxc4+ 31. Kd6 Qf4+ 32. Kc6 Qxf5
33. Rxd5 Qxf3 34. Rd1 g5 35. Rd3 Qe4 36. Kc5 Kg7 37. h3 f5 38. R3d4 Qc2+ 39. Rc4
Qf2+ 40. Kc6 Kg6 41. Kd7 f6 42. Rc6 Qa7+ 43. Rc7 Qa3 44. Ke8 Qxh3 45. Rdd7 Qh6
46. Rf7 g4 47. Ke7 Qe3+ 48. Kf8 Qa3+ 49. Kg8 Qb3 50. Re7 g3 51. Kf8 Qb8+ 52. Re8
Qd6+ 53. Ree7 f4 54. Rg7+ Kf5 55. Ke8 h5 56. Rb7 Qc6+ 57. Kd8 h4 0-1

[Event "World Rapid 2022"]
[Site "Almaty KAZ"]
[Date "2022.12.27"]
[Round "6.30"]
[White "Bluebaum, Matthias"]
[Black "Alonso Rosell, Alvar"]
[Result "1-0"]
[WhiteTitle "GM"]
[BlackTitle "GM"]
[WhiteElo "2657"]
[BlackElo "2561"]
[WhiteFideId "24651516"]
[BlackFideId "2270544"]
[EventDate "2022.12.26"]

1. d4 Nf6 2. c4 e6 3. Nc3 Bb4 4. e3 O-O 5. Bd2 c5 6. a3 Bxc3 7. Bxc3 Ne4 8. Ne2
b6 9. d5 Ba6 10. Qd3 exd5 11. Qxd5 Qe7 12. b3 Re8 13. Bb2 Nc6 14. Ng3 Nf6 15.
Qg5 h6 16. Qf4 Ne5 17. Nf5 Qe6 18. Rd1 Ng6 19. Nxh6+ Kh7 20. Bd3 gxh6 21. Qxf6
Qxf6 22. Bxf6 Bb7 23. O-O Bc6 24. Bf5 Kg8 25. Bxd7 Bxd7 26. Rxd7 Re6 27. Bc3 Nf8
28. Rd5 Rb8 29. Rfd1 Rc6 30. Be5 Re8 31. h4 Ng6 32. Bg3 Nf8 33. h5 Rce6 34. Rd8
Kg7 35. Bf4 R6e7 36. Rxe8 Rxe8 37. f3 Re7 38. Kf2 Ne6 39. Bd6 Rb7 40. Be5+ f6
41. Bc3 Kf7 42. Rd5 Nf8 43. g4 Nd7 44. f4 b5 45. g5 hxg5 46. fxg5 fxg5 47. Rxg5
Rb6 48. cxb5 Rd6 49. a4 Ke8 50. Ke2 Rh6 51. Bg7 1-0

[Event "World Rapid 2022"]
[Site "Almaty KAZ"]
[Date "2022.12.27"]
[Round "6.32"]
[White "Niemann, Hans Moke"]
[Black "Yoo, Christopher Woojin"]
[Result "1-0"]
[WhiteTitle "GM"]
[BlackTitle "GM"]
[WhiteElo "2698"]
[BlackElo "2575"]
[WhiteFideId "2093596"]
[BlackFideId "30909694"]
[EventDate "2022.12.26"]

1. d4 Nf6 2. c4 e6 3. Nc3 d5 4. cxd5 exd5 5. Bg5 Bb4 6. e3 h6 7. Bh4 g5 8. Bg3
Ne4 9. a3 Bxc3+ 10. bxc3 h5 11. Qc2 Nc6 12. f3 Nxg3 13. hxg3 Qd6 14. g4 h4 15.
Nh3 Ne7 16. Bd3 f6 17. O-O O-O 18. Qe2 Be6 19. e4 Rae8 20. e5 fxe5 21. dxe5 Qc5+
22. Kh1 Nc6 23. Nxg5 Bc8 24. f4 Qxc3 25. Rac1 Qxa3 26. Bh7+ Kh8 27. Bg6 Re7 28.
e6 Qg3 29. Rxc6 Kg7 30. Bf7 Rfxf7 31. Nxf7 Kf8 32. Qe5 Rxe6 33. Qh8+ 1-0

[Event "World Rapid 2022"]
[Site "Almaty KAZ"]
[Date "2022.12.27"]
[Round "6.33"]
[White "Tin, Jingyao"]
[Black "Savchenko, Boris"]
[Result "0-1"]
[WhiteTitle "GM"]
[BlackTitle "GM"]
[WhiteElo "2562"]
[BlackElo "2552"]
[WhiteFideId "5804418"]
[BlackFideId "4147332"]
[EventDate "2022.12.26"]

1. d4 Nf6 2. c4 e6 3. Nf3 d5 4. Nc3 Nbd7 5. Bg5 c6 6. e3 Qa5 7. Nd2 Bb4 8. Qc2
c5 9. Nb3 Qa4 10. Bxf6 Nxf6 11. dxc5 O-O 12. a3 Ba5 13. cxd5 Nxd5 14. Bd3 Bxc3+
15. bxc3 Nf6 16. Nd4 Qa5 17. Nb3 Qc7 18. O-O Bd7 19. a4 Qe5 20. h3 Bc6 21. Rfd1
Rfd8 22. Bb5 Be4 23. Rxd8+ Rxd8 24. Rd1 Rd5 25. Qc1 g5 26. Be2 Rxd1+ 27. Bxd1
Bc6 28. a5 Ne4 29. Nd4 Qxc5 30. Bf3 Nxc3 31. Bxc6 Qxd4 32. Bf3 Qb4 33. Qd2 Qxa5
34. Bxb7 Qc5 35. Ba6 Kg7 36. Qb2 Qe5 37. Kh1 Kf6 38. Kg1 Ne4 39. Qe2 Kg7 40. g3
Nc5 41. Kh2 Qa1 42. Qg4 h6 43. Be2 a5 44. h4 Qf6 45. Kg2 a4 46. hxg5 hxg5 47.
Qb4 Qe5 48. Bd1 Qd5+ 49. Bf3 Qd6 50. Qc3+ f6 51. Qb4 Kg6 52. g4 Kf7 53. Be2 Qc7
54. Kg1 Qa7 55. Qa3 Qa5 56. Bc4 Ke7 57. Kg2 Kd6 58. Qb2 Ke7 59. Qa3 Qb6 60. Kg1
Kd6 61. Qa1 Qb4 62. Qc1 a3 63. Kh2 Qb2 64. Qd1+ Ke7 65. Kg2 a2 66. Bxa2 Qxa2 67.
Qc1 Qxf2+ 0-1